| 000 | 00924nam a22002177a 4500 | ||
|---|---|---|---|
| 003 | DO-SdBNP | ||
| 005 | 20250205112416.0 | ||
| 008 | 210901b ||||| |||| 00| 0 eng d | ||
| 020 | _a9789945494457 | ||
| 040 |
_aDO-SdBNP _bspa _cBNPHU |
||
| 082 |
_axxx _bC386 |
||
| 110 |
_aVicepresidencia de la República Dominica. _979678 |
||
| 245 | 1 | 0 |
_aLos ccpp como estrategia para el desarrollo de capacidades : _baportes en la generación de ingresos y en la creación de capital social / _cCoordinación general, Margarita Cedeño ; Investigador principal Jerson del Rosario |
| 260 |
_aSanto Domingo : _bObservatorio de Políticas Sociales y desarrollo, _c2000? |
||
| 300 |
_a57 p.: _bil. ; _c29 cm |
||
| 590 | _aInventariado, 2021 / DG | ||
| 700 | 1 |
_aCedeño de Fernández, Margarita _d1965- _eCoordinación general _937198 |
|
| 700 |
_aRosario, Jerson, Del _eInvestigador principal _970943 |
||
| 910 | _aD/G | ||
| 942 |
_2ddc _cLBS1 |
||
| 999 |
_c50354 _d50354 |
||